| 000 | 02673cam a22004098i 4500 | ||
|---|---|---|---|
| 001 | 946610652 | ||
| 003 | OCoLC | ||
| 005 | 20250116140156.0 | ||
| 008 | 160331t20162014miub b 001 0beng | ||
| 010 | _a2016015243 | ||
| 020 |
_a9780802871534 _q(paperback) |
||
| 020 |
_a0802871534 _q(paperback) |
||
| 035 | _a(OCoLC)946610652 | ||
| 040 |
_aDLC _beng _erda _cDLC _dOCLCO _dBTCTA _dBDX _dOCLCF _dWIO _dLNT _dYDX _dIK2 _dNDS |
||
| 041 | 1 |
_aeng _hger |
|
| 042 | _apcc | ||
| 050 | 0 | 0 |
_aBR325 _b.K37713 2016 |
| 082 | 0 | 0 |
_a284.1092 _aB _223 _bKAU |
| 100 | 1 |
_aKaufmann, Thomas, _0https://id.loc.gov/authorities/names/n93052662 _eauthor. |
|
| 240 | 1 | 0 |
_aMartin Luther. _lEnglish _0https://id.loc.gov/authorities/names/n2016017532 |
| 245 | 1 | 2 |
_aA short life of Martin Luther / _cThomas Kaufmann ; translated by Peter D.S. Krey and James D. Bratt. |
| 264 | 1 |
_aGrand Rapids, Michigan : _bWm. B. Eerdmans Publishing Company, _c2016. |
|
| 264 | 4 | _c©2014. | |
| 300 |
_axi, 146 pages : _bmap ; _c20 cm. |
||
| 336 |
_atext _btxt _2rdacontent |
||
| 337 |
_aunmediated _bn _2rdamedia |
||
| 338 |
_avolume _bnc _2rdacarrier |
||
| 490 | 0 | _aReformation resources, 1517-2017. | |
| 504 | _aIncludes bibliographical references (pages 137-144) and index. | ||
| 505 | 0 | _aThe search for Martin Luther -- Living in the reformation of God -- A theological life. | |
| 520 | _aMartin Luther, the Augustinian friar who set the Protestant Reformation in motion with his famous Ninety-Five Theses, was a man of extremes on many fronts. He was both hated and honored, both reviled as a heretic and lauded as a kind of second Christ. He was both a quiet, solitary reader and interpreter of the Bible and the first media-star of history, using the printing press to reach many of his contemporaries and become the most-read theologian of the sixteenth century. Thomas Kaufmann's biography highlights the two conflicting "natures" of Martin Luther, depicting Luther's earthiness as well as his soaring theological contributions, his flaws as well as his greatness. Exploring the close correlation between Luther's Reformation theology and his historical context, A Short Life of Martin Luther serves as an introduction to the life and thought of the most important figure in the Protestant Reformation. | ||
| 600 | 1 | 0 |
_aLuther, Martin, _d1483-1546. _0https://id.loc.gov/authorities/names/n79089628 |
| 655 | 7 |
_aBiographies. _2lcgft _0https://id.loc.gov/authorities/genreForms/gf2014026049 |
|
| 700 | 1 |
_aKrey, Peter D. S., _0https://id.loc.gov/authorities/names/n2006067466 _etranslator. |
|
| 700 | 1 |
_aBratt, James D., _d1949- _0https://id.loc.gov/authorities/names/n84104154 _etranslator. |
|
| 942 |
_2ddc _cBK _n0 |
||
| 999 |
_c10557 _d10557 |
||